<?xml version='1.0' encoding='UTF-8'?>
  <record xmlns="http://www.loc.gov/MARC21/slim">
    <leader>00000cem a2200000 i 4500</leader>
    <controlfield tag="001">ocn902722429</controlfield>
    <controlfield tag="003">OCoLC</controlfield>
    <controlfield tag="005">20240415223246.8</controlfield>
    <controlfield tag="007">au cuuun</controlfield>
    <controlfield tag="008">150202s1888    ne        u     0   und d</controlfield>
    <datafield tag="040" ind1=" " ind2=" ">
      <subfield code="a">NLGGC</subfield>
      <subfield code="b">dut</subfield>
      <subfield code="e">fobidrtb</subfield>
      <subfield code="c">NLGGC</subfield>
      <subfield code="d">QGJ</subfield>
      <subfield code="d">OCLCL</subfield>
      <subfield code="d">OCLCQ</subfield>
    </datafield>
    <datafield tag="035" ind1=" " ind2=" ">
      <subfield code="a">(OCoLC)902722429</subfield>
    </datafield>
    <datafield tag="041" ind1=" " ind2=" ">
      <subfield code="a">dut</subfield>
    </datafield>
    <datafield tag="084" ind1=" " ind2=" ">
      <subfield code="a">44.75</subfield>
      <subfield code="2">bcl</subfield>
    </datafield>
    <datafield tag="100" ind1="1" ind2=" ">
      <subfield code="a">Hoornweg, J. L.</subfield>
    </datafield>
    <datafield tag="245" ind1="1" ind2="0">
      <subfield code="a">Roodvonk-epidemie te Utrecht van 1 januari 1885-1 april 1887 /</subfield>
      <subfield code="c">[J.L. Hoorweg].</subfield>
    </datafield>
    <datafield tag="260" ind1=" " ind2=" ">
      <subfield code="a">Utr[echt] :</subfield>
      <subfield code="b">W.J. Lrts. v. Bueren,</subfield>
      <subfield code="c">[1888]</subfield>
    </datafield>
    <datafield tag="300" ind1=" " ind2=" ">
      <subfield code="a">1 krt. :</subfield>
      <subfield code="b">lithogr., in kleur. ;</subfield>
      <subfield code="c">24 x 28 cm.</subfield>
    </datafield>
    <datafield tag="336" ind1=" " ind2=" ">
      <subfield code="a">cartografische afbeelding</subfield>
      <subfield code="b">cri</subfield>
      <subfield code="2">rdacontent/dut</subfield>
    </datafield>
    <datafield tag="337" ind1=" " ind2=" ">
      <subfield code="a">zonder medium</subfield>
      <subfield code="b">n</subfield>
      <subfield code="2">rdamedia/dut</subfield>
    </datafield>
    <datafield tag="338" ind1=" " ind2=" ">
      <subfield code="a">vel</subfield>
      <subfield code="b">nb</subfield>
      <subfield code="2">rdacarrier/dut</subfield>
    </datafield>
    <datafield tag="500" ind1=" " ind2=" ">
      <subfield code="a">Verschenen in: Mededeelingen over de besmettelijke ziekten in de gemeente Utrecht / Gezondheidscommissie der Stad Utrecht . - Utrecht : Gezondheidscommissie der Stad Utrecht, 1888 (uitklapbare krt. op pagina [31]).</subfield>
    </datafield>
    <datafield tag="500" ind1=" " ind2=" ">
      <subfield code="a">Zie: Donkersloot-de Vrij, M., 'Kaarten van Utrecht : topografische en thematische kartografie van de stad uit vijf eeuwen', 1989, Kaart 128.</subfield>
    </datafield>
    <datafield tag="650" ind1=" " ind2="7">
      <subfield code="a">Besmettelijke ziekten.</subfield>
      <subfield code="0">(NL-LeOCL)078450322.</subfield>
      <subfield code="2">gtt</subfield>
    </datafield>
    <datafield tag="651" ind1=" " ind2="7">
      <subfield code="a">Utrecht (stad)</subfield>
      <subfield code="0">(NL-LeOCL)094927596.</subfield>
      <subfield code="2">gtt</subfield>
    </datafield>
    <datafield tag="710" ind1="2" ind2=" ">
      <subfield code="a">Utrecht (gemeente).</subfield>
      <subfield code="b">Gezondheidscommissie.</subfield>
    </datafield>
    <datafield tag="758" ind1=" " ind2=" ">
      <subfield code="a">Roodvonk-epidemie te Utrecht van 1 januari 1885-1 april 1887 (CartographicMaterial)</subfield>
      <subfield code="1">https://id.oclc.org/worldcat/entity/E39PCYrgH4MPRywyxFdHhrjBKb</subfield>
      <subfield code="4">https://id.oclc.org/worldcat/ontology/hasWork</subfield>
    </datafield>
    <datafield tag="856" ind1="4" ind2="1">
      <subfield code="u">http://objects.library.uu.nl/reader/resolver.php?obj=002336861&amp;type=2</subfield>
      <subfield code="x">Online</subfield>
      <subfield code="z">Map</subfield>
    </datafield>
    <datafield tag="936" ind1=" " ind2=" ">
      <subfield code="a">BATCHLOAD</subfield>
    </datafield>
  </record>